00421cam a2200121 i 450008200220000010000130002224500450003526000860008030000110016649000830017765000120026070000270027200a323.39710954bAZI aAZIZ K.K00aMuslims under Congress rule, 1937-1939 : aIslamabad :bNational Commission on Historical and Cultural Research,c1978-1979. a2 v. ;1 aDocumentary series - National Commission on Historical and Cultural Research ; 0aMuslims1 aAziz, Khursheed Kamal.